Diseases of grasses, legumes and ornaments

Bibliographic Details
Main Author: Steferud, Alfred
Format: Book
Published: Delhi:India : Biotech Books , 2005
Subjects:

MARC

LEADER 00000cam a2200000 7i4500
001 0000003779
005 20110620.0
020 0 0 |a 8176221392 
090 0 0 |a 632.2   |a STEF 2005 
100 1 0 |a Steferud, Alfred 
245 1 0 |a Diseases of grasses, legumes and ornaments   |c editor: Steferud, Alfred 
260 0 0 |a Delhi:India :   |b Biotech Books ,   |c 2005 
300 |a ix.309 p. ;   |c 23 cm. 
500 0 0 |a Includes index 
650 0 0 |a Grasses---Diseases. 
650 0 0 |a Legumes---Diseases 
650 0 0 |a Ornaments---Diseases 
998 |a JPSM 
999 |a 007241   |b Monograph   |c Open Shelf   |e Default branch